Geography containing XA-XZ - Statistics

General Stats
  • This quiz has been taken 5 times
  • The average score is 7 of 26
Answer Stats
Contains: Clue Answer % Correct
XA US state (5 letters) Texas
100%
XJ Vacuum cleaner of a Swedish town (5) Växjö
50%
XL Area which is in south-east London (6) Bexley
25%
XW West Midlands town where Lego might be popular at Hallowe'en? (8) Bloxwich
25%
XG Cuboid-shaped container and small woodland found at W. Sussex village (8) Boxgrove
25%
XT Person from the UK found in south London (7) Brixton
25%
XI Mexican volcano where a strange coot is found by Father (8) Cotopaxi
25%
XM Wilderness area in Devon (6) Exmoor
25%
XS Port in Suffolk where a cat might sneak onto a ship and hide (10) Felixstowe
25%
XB The Patriots' home town, where a wild, orange canine can be seen (10) Foxborough
25%
XR Dublin suburb with a boulder where an urban wild dog relative might stand? (7) Foxrock
25%
XQ Mexican city hotel where you and I repeatedly see a lord who disappeared (12) Huixquilucan
25%
XV City in Tennessee (9) Knoxville
25%
XY The French village just west of Longwy in Lorraine (4) Lexy
25%
XO City of famous temples in Egypt (5) Luxor
25%
XE Reaching the limit, mother disappears from city of Mozambique (6) Maxixe
25%
XC Mexico loses its eastern part to a city in Guatemala (5) Mixco
25%
XX American motor racing abandons South Carolina for Maltese town (6) Naxxar
25%
XF Open a crooked door to this university town (6) Oxford
25%
XN Seaside location near L.A, bearing the name of a Scottish loch (6) Oxnard
25%
XD Canadian town where one destroys a valley, we hear (7) Rexdale
25%
XP Vlad feels incomplete in an upland town of Mexico (8) Tepexpan
25%
XH Welsh town where one spoils pork, by the sounds of it (7) Wrexham
25%
XZ Spoil another village, in Germany this time, but this one is hell, with no hospital (8) Marxzell
0%
XK Yucatan town in which B is alright - but it's the end of B (8) Tixkokob
0%
XU Inland city in the coastal Chinese province of Jiangsu (6) Xuzhou
0%
No matching quizzes found
Score Distribution
Percent of People with Each Score
Percentile by Number Answered
Your Score History
You have not taken this quiz